A pictorial history of medicine ; a brief, nontechnical survey of the healing arts from Aesculapius to Ehrlich, retelling with the aid of select illustrations the lives and deeds of great physicians ... /

Bibliographic Details
Main Author: Bettmann, Otto
Format: Book
Language:English
Published: Springfield, Ill. : Thomas, [1956]
Subjects:

MARC

Tag First Indicator Second Indicator Subfields
LEADER 00000cam a2200000 4500
001 in00000480010
005 20151013060059.0
008 710119s1956 iluac b 00100deng
010 |a  54010781  
035 |a (OCoLC)00404199 
035 |9 ACC7092AM 
040 |a DLC  |c DLC  |d TXA  |d UtOrBLW 
049 |a TXAM  |c 1 [272221], 2 [A11066121] 
050 0 0 |a R131  |b .B5 
082 0 |a 610.9 
090 |a R131  |b .B5 1956 
100 1 |a Bettmann, Otto. 
245 1 2 |a A pictorial history of medicine ;  |b a brief, nontechnical survey of the healing arts from Aesculapius to Ehrlich, retelling with the aid of select illustrations the lives and deeds of great physicians ... /  |c With a foreword by Philip S. Hench. 
264 1 |a Springfield, Ill. :  |b Thomas,  |c [1956] 
300 |a xiii, 318 pages :  |b illustrations, portraits ;  |c 28 cm. 
336 |a text  |b txt  |2 rdacontent 
337 |a unmediated  |b n  |2 rdamedia 
338 |a volume  |b nc  |2 rdacarrier 
504 |a Bibliography: pages 310-312. 
650 0 |a Medicine  |x History. 
650 0 |a Medicine  |x Pictorial works. 
999 |a MARS 
999 f f |s 07e074cd-af3d-3d10-be1c-cd81a4f1167f  |i 55ef6f95-0089-3a98-8af1-e2e56bd074e7  |t 0 
952 f f |p noncirc  |a Texas A&M University  |b College Station  |c Cushing Memorial Library & Archives  |s cush kels  |d Cushing: Kelsey Americana (Does not check out)  |t 0  |e R131 .B5 1956  |h Library of Congress classification  |i unmediated -- volume 
998 f f |a R131 .B5 1956  |t 0  |l Cushing: Kelsey Americana (Does not check out)